000
00211nam a22000857a 4500
008
161206b xxu||||| |||| 00| 0 eng d
100
_9
1866
_a
Ellis.M
245
_a
Tiimes 1000 Word DIctionary
260
_a
Marshall
_c
2003
999
_c
4613
_d
4613